Bhagavad gita : (Record no. 132506)

MARC details
000 -LEADER
fixed length control field 00655nam a22002177a 4500
005 - DATE AND TIME OF LATEST TRANSACTION
control field 20170124110155.0
010 ## - LIBRARY OF CONGRESS CONTROL NUMBER
LC control number A-826319
020 ## - INTERNATIONAL STANDARD BOOK NUMBER
Terms of availability 00.00
International Standard Book Number 8171547800
035 ## - SYSTEM CONTROL NUMBER
System control number A-826319
037 ## - SOURCE OF ACQUISITION
Source of stock number/acquisition Cen Lib/Ret
040 ## - CATALOGING SOURCE
Original cataloging agency DPL
Language of cataloging EN
082 ## - DEWEY DECIMAL CLASSIFICATION NUMBER
Classification number 181.45
Item number PAT
100 ## - MAIN ENTRY--PERSONAL NAME
Personal name Pati, Madhusudan
9 (RLIN) 34925
245 ## - TITLE STATEMENT
Title Bhagavad gita :
Statement of responsibility, etc by Madhusudan Pati
Remainder of title a literary elucidation /
260 ## - PUBLICATION, DISTRIBUTION, ETC. (IMPRINT)
Place of publication, distribution, etc Mumbai
Date of publication, distribution, etc 1997
Name of publisher, distributor, etc Popular prakashan
270 ## - ADDRESS
City Mumbai
Address 35-C, Pandit madan mohan malviya nagar
Postal code 400034
300 ## - PHYSICAL DESCRIPTION
Extent vii,210p.
Dimensions 20cm(Hb)
650 ## - SUBJECT ADDED ENTRY--TOPICAL TERM
Topical term or geographic name as entry element Philosophy
9 (RLIN) 92406
650 ## - SUBJECT ADDED ENTRY--TOPICAL TERM
Topical term or geographic name as entry element Bhagavad gita
9 (RLIN) 92407
942 ## - ADDED ENTRY ELEMENTS (KOHA)
Source of classification or shelving scheme Dewey Decimal Classification
Koha item type English Books
Classification part 181.45
Call number suffix PAT
Holdings
Withdrawn status Lost status Damaged status Not for loan Home library Current library Date acquired Source of acquisition Cost, normal purchase price Total Checkouts Full call number Barcode Date last seen Copy number Cost, replacement price Price effective from Koha item type Public note
Written off       Central Library Central Library 22/07/2015 Cen Lib/Ret 0.00   181.45 PAT A-826319 22/07/2015 1 0.00 22/07/2015 English Books W/d list no. 6804/18

© Delhi Public Library
Hit Counter
free hit counter